[Event "FRA-chT Top 12 2019"]
[Site "Brest"]
[Date "2019.05.23"]
[Round "6.1"]
[White "Villegas, Pierre"]
[Black "Landa, Konstantin"]
[Result "0-1"]
[WhiteElo "2354"]
[BlackElo "2622"]
[Annotator "RC"]
[PlyCount "84"]
[EventDate "2019.05.18"]
[EventType "team-tourn"]
[EventCountry "FRA"]
[SourceTitle "playchess.com"]
[Source "ChessBase"]
[SourceQuality "1"]
[TimeControl "40/5400+30:1800+30"]

1. d4 {[%emt 0:00:00]} d5 {[%emt 0:00:27]} 2. c4 {[%emt 0:00:00]} dxc4 {[%emt 0:00:40]} 3. e3 {[%emt 0:00:33]} e5 {[%emt 0:01:05]} 4. Bxc4 {[%emt 0:00:37]} exd4 {[%emt 0:00:05]} 5. exd4 {[%emt 0:00:04]} Bd6 {[%emt 0:00:24]} 6. Nf3 {[%emt 0:00:38]} Nf6 {[%emt 0:00:33]} 7. Qe2+ {[%emt 0:00:36]} Qe7 {[%emt 0:01:33]} 8. Qxe7+ {[%emt 0:00:09]} Bxe7 {[%emt 0:00:08]} 9. O-O {[%emt 0:00:11]} O-O {[%emt 0:01:18]} 10. Re1 {[%emt 0:04:37]} Bd6 {[%emt 0:00:21]} 11. Bg5 {[%emt 0:01:08]} a6 {[%emt 0:14:05]} 12. Nc3 {[%emt 0:11:38]} Nbd7 {[%emt 0:12:23]} 13. Bb3 {[%emt 0:09:03]} b5 {[%emt 0:00:58]} 14. Nd5 {[%emt 0:07:25]} a5 {[%emt 0:01:34]} 15. Bxf6 {[%emt 0:16:13]} Nxf6 {[%emt 0:01:05]} 16. Nxf6+ {[%emt 0:00:49]} gxf6 {[%emt 0:00:16]} 17. Bd5 {[%emt 0:03:35]} Ra6 {[%emt 0:03:00]} 18. Rac1 {[%emt 0:02:09]} Bd7 {[%emt 0:01:42]} 19. g3 {[%emt 0:07:13]} a4 {[%emt 0:07:39]} 20. Re2 {[%emt 0:07:48]} Rd8 {[%emt 0:11:03]} 21. Nd2 {[%emt 0:03:24]} Kg7 {[%emt 0:07:17]} 22. Kg2 {[%emt 0:03:18]} h6 {[%emt 0:06:15]} 23. Ne4 {[%emt 0:04:41]} f5 {[%emt 0:03:39]} 24. Nxd6 {[%emt 0:03:01]} Rxd6 {[%emt 0:00:47]} 25. Bf3 {[%emt 0:00:05]} c6 {[%emt 0:03:24]} 26. Rec2 {[%emt 0:02:29]} Rxd4 {[%emt 0:04:39]} 27. Bxc6 {[%emt 0:00:08]} Be6 {[%emt 0:01:11]} 28. Bxb5 {[%emt 0:02:46]} Bd5+ {[%emt 0:00:57]} 29. Kf1 {[%emt 0:00:06]} Be4 {[%emt 0:09:16]} 30. Rc8 {[%emt 0:03:49]} Rxc8 {[%emt 0:01:30]} 31. Rxc8 {[%emt 0:00:02]} Rb4 {[%emt 0:00:16]} 32. Be8 {[%emt 0:00:50]} Rxb2 {[%emt 0:03:56]} 33. Bxa4 {[%emt 0:00:48]} Bf3 {[%emt 0:00:32]} 34. Rc1 {[%emt 0:01:17]} Rxa2 {[%emt 0:00:09]} 35. Bc6 {[%emt 0:01:07]} Be4 {[%emt 0:01:34]} 36. Bxe4 {[%emt 0:00:37]} fxe4 {[%emt 0:00:02]} 37. Re1 {[%emt 0:01:55]} f5 {[%emt 0:00:08]} 38. g4 {[%emt 0:00:08]} fxg4 {[%emt 0:00:41]} 39. Rxe4 {[%emt 0:00:03]} h5 {[%emt 0:00:04]} 40. Kg2 {[%emt 0:01:33]} Ra3 {[%emt 0:00:18]} 41. Re3 {[%emt 0:31:00]} Rxe3 {[%emt 0:30:22]} 42. fxe3 {[%emt 0:00:01]} h4 {[%emt 0:00:07]} 0-1

[Event "FRA-chT Top 12 2019"]
[Site "Brest"]
[Date "2019.05.23"]
[Round "6.2"]
[White "Oparin, Grigoriy"]
[Black "Kosten, Anthony C."]
[Result "1-0"]
[WhiteElo "2624"]
[BlackElo "2419"]
[Annotator "TA"]
[PlyCount "107"]
[EventDate "2019.05.18"]
[EventType "team-tourn"]
[EventCountry "FRA"]
[SourceTitle "playchess.com"]
[Source "ChessBase"]
[SourceQuality "1"]

{[%evp 21,107,25,32,27,29,13,11,18,40,7,20,17,8,20,16,18,33,16,39,35,31,43,59,50,94,79,108,112,118,123,138,133,147,130,114,55,143,139,135,118,125,109,126,120,137,111,99,99,141,154,129,114,233,224,238,219,234,229,239,240,227,223,224,211,193,189,177,189,196,177,156,146,1047,308,566,546,29971,29972,29968,29972,6215,6099,6070,2251,5270,5265,2460,1218]} 1. d4 Nf6 2. c4 e6 3. Nf3 Bb4+ 4. Nbd2 b6 5. a3 Bxd2+ 6. Qxd2 Bb7 7. e3 O-O 8. Be2 a5 9. b3 d6 10. Bb2 Nbd7 11. O-O Qe7 12. Rad1 {E14: Queen's Indian: Classical Variation (4 e3)} (12. Qc2 c5 13. Rfd1 Rfd8 14. Qc3 Ne4 15. Qe1 h6 16. Nd2 Nef6 17. Nb1 cxd4 18. exd4 e5 19. Bf1 e4 {1-0 (64) Wojtaszek,R (2742)-Moiseenko,A (2698) Germany 2015}) 12... Rfd8 13. Qc2 c5 14. Nd2 {[#] The position is equal.} cxd4 $146 ({Predecessor:} 14... d5 15. dxc5 Nxc5 16. cxd5 Bxd5 17. Bd4 a4 18. bxa4 Nxa4 19. Rc1 h6 {1-0 (59) Kempinski,R (2553)-Andersson,U (2594) Istanbul 2003}) 15. Bxd4 e5 16. Bb2 Rac8 17. Qf5 Nf8 18. f3 Ng6 19. Rfe1 Rc5 20. Qb1 Rc7 21. Nf1 Nh4 22. Ng3 Nd7 23. e4 Nc5 24. Bc1 Bc6 25. Be3 Rb7 26. b4 axb4 27. axb4 Ne6 28. Qb2 (28. Nf5 $16 Nxf5 29. exf5) 28... Qf6 (28... b5 $1 $14) 29. b5 Be8 30. Bf1 Rdd7 31. Qf2 $36 {[%mdl 2048] White is on the roll.} Qd8 32. Rd2 f6 33. Red1 Bf7 34. Ne2 f5 {aiming for ...f4.} 35. g3 f4 36. Bxf4 (36. gxh4 fxe3 37. Qxe3 Nc5 $14) 36... Nxf3+ (36... Nxf4 $16 37. Nxf4 (37. gxf4 Qf6 $16) (37. gxh4 Nxe2+ 38. Bxe2 Qf6 $14) 37... exf4) 37. Qxf3 $18 {Be3 is the strong threat.} exf4 38. gxf4 ({Don't take} 38. Nxf4 $6 Qc8) 38... Nc5 39. Bh3 Be6 40. Bxe6+ Nxe6 41. Nd4 Qf6 42. Nxe6 Qxe6 43. Rd5 Ra7 44. e5 dxe5 45. fxe5 Rxd5 46. Qxd5 {[%mdl 4096] Endgame KQR-KQR} ({Inferior is} 46. Rxd5 Ra1+ 47. Kf2 (47. Rd1 Rxd1+ 48. Qxd1 Qxc4 $11) 47... Ra2+ 48. Ke1 Ra8 $11) 46... Kf7 $2 {[%mdl 8192]} (46... Re7 $16 47. Kf2 Rf7+ 48. Ke2 Qf5) 47. Kh1 $2 (47. Rf1+ Ke7 48. Qf3 Qg6+ 49. Kh1) 47... Re7 $2 {[#]} (47... Qxd5+ 48. cxd5 Ke8) 48. Qf3+ $1 Ke8 49. Qa8+ Kf7 50. Rf1+ Kg6 51. Qe4+ {White is clearly winning.} Kh6 52. Qe3+ (52. Qh4+ $142 Kg6 53. Qg3+ Kh6 54. Rf4) 52... g5 53. Rf6+ {[%mdl 64] [#] Overworked Piece} Qxf6 54. Qh3+ {Accuracy: White = 81%, Black = 33%.} 1-0

[Event "FRA-chT Top 12 2019"]
[Site "Brest"]
[Date "2019.05.23"]
[Round "6.2"]
[White "Safarli, Eltaj"]
[Black "Hamitevici, Vladimir"]
[Result "0-1"]
[WhiteElo "2624"]
[BlackElo "2476"]
[Annotator "RC"]
[PlyCount "90"]
[EventDate "2019.05.18"]
[EventType "team-tourn"]
[EventCountry "FRA"]
[SourceTitle "playchess.com"]
[Source "ChessBase"]
[SourceQuality "1"]
[TimeControl "40/5400+30:1800+30"]

1. e4 {[%emt 0:00:00]} c6 {[%emt 0:00:00]} 2. d4 {[%emt 0:02:42]} d5 {[%emt 0:00:08]} 3. e5 {[%emt 0:00:08]} Bf5 {[%emt 0:00:06]} 4. h4 {[%emt 0:00:17]} h6 {[%emt 0:03:45]} 5. g4 {[%emt 0:01:02]} Be4 {[%emt 0:02:06]} 6. Rh3 {[%emt 0:07:56]} e6 {[%emt 0:01:25]} 7. Nc3 {[%emt 0:00:15]} Bh7 {[%emt 0:00:28]} 8. Be3 {[%emt 0:01:39]} Nd7 {[%emt 0:02:32]} 9. Qd2 {[%emt 0:07:49]} h5 {[%emt 0:08:04]} 10. f3 {[%emt 0:06:48]} c5 {[%emt 0:03:35]} 11. dxc5 {[%emt 0:05:54]} a6 {[%emt 0:04:22]} 12. Na4 {[%emt 0:05:21]} Qc7 {[%emt 0:00:37]} 13. Nb6 {[%emt 0:06:23]} Nxb6 {[%emt 0:08:27]} 14. cxb6 {[%emt 0:02:02]} Qxe5 {[%emt 0:00:06]} 15. f4 {[%emt 0:14:30]} Qd6 {[%emt 0:04:38]} 16. g5 {[%emt 0:02:17]} Bf5 {[%emt 0:11:53]} 17. Rg3 {[%emt 0:00:47]} Be4 {[%emt 0:00:13]} 18. Ne2 {[%emt 0:04:57]} Ne7 {[%emt 0:01:30]} 19. Bh3 {[%emt 0:00:12]} Rc8 {[%emt 0:06:25]} 20. c3 {[%emt 0:09:01]} Ng6 {[%emt 0:02:17]} 21. O-O-O {[%emt 0:06:53]} Nxh4 {[%emt 0:03:02]} 22. Bd4 {[%emt 0:03:25]} Rc6 {[%emt 0:11:16]} 23. Re3 {[%emt 0:06:39]} Nf3 {[%emt 0:01:46]} 24. Rxf3 {[%emt 0:00:02]} Bxf3 {[%emt 0:00:08]} 25. Re1 {[%emt 0:00:02]} Bg4 {[%emt 0:11:24]} 26. Bxg4 {[%emt 0:02:10]} hxg4 {[%emt 0:00:03]} 27. f5 {[%emt 0:00:03]} Qh2 {[%emt 0:02:42]} 28. g6 {[%emt 0:01:59]} fxg6 {[%emt 0:02:08]} 29. Bg1 {[%emt 0:00:55]} Qg2 {[%emt 0:02:21]} 30. Qg5 {[%emt 0:02:19]} Qe4 {[%emt 0:00:19]} 31. Qxg6+ {[%emt 0:00:28]} Kd7 {[%emt 0:02:50]} 32. Qf7+ {[%emt 0:00:02]} Be7 {[%emt 0:00:16]} 33. Qxg7 {[%emt 0:00:20]} Rf8 {[%emt 0:00:28]} 34. Bf2 {[%emt 0:01:11]} Qxf5 {[%emt 0:00:33]} 35. Be3 {[%emt 0:00:19]} Rf7 {[%emt 0:01:09]} 36. Qh8 {[%emt 0:00:41]} Rc8 {[%emt 0:00:40]} 37. Qd4 {[%emt 0:00:01]} Rc4 {[%emt 0:01:39]} 38. Qd2 {[%emt 0:00:59]} Bh4 {[%emt 0:00:30]} 39. Rh1 {[%emt 0:00:31]} Qe4 {[%emt 0:00:23]} 40. Rd1 {[%emt 0:00:29]} Bf2 {[%emt 0:00:47]} 41. Bxf2 {[%emt 0:05:45]} Rxf2 {[%emt 0:00:08]} 42. Re1 {[%emt 0:00:02]} Rc8 {[%emt 0:04:08]} 43. b3 {[%emt 0:03:04]} Qe5 {[%emt 0:03:05]} 44. Kd1 {[%emt 0:04:49]} Rh8 {[%emt 0:10:59]} 45. Qd3 {[%emt 0:00:43]} Rhh2 {[%emt 0:00:32]} 0-1

[Event "FRA-chT Top 12 2019"]
[Site "Brest"]
[Date "2019.05.23"]
[Round "6.2"]
[White "Hera, Imre Jr."]
[Black "Gledura, Benjamin"]
[Result "1/2-1/2"]
[WhiteElo "2611"]
[BlackElo "2645"]
[Annotator "TA"]
[PlyCount "48"]
[EventDate "2019.05.18"]
[EventType "team-tourn"]
[EventCountry "FRA"]
[SourceTitle "playchess.com"]
[Source "ChessBase"]
[SourceQuality "1"]

{[%evp 10,48,12,37,22,30,38,39,7,5,74,80,60,68,56,63,64,0,0,0,0,0,0,0,0,0,0,0,0,0,0,0,0,0,0,0,0,0,0,0,0]} 1. e4 e5 2. Nf3 Nc6 3. Nc3 Nf6 4. Bb5 Nd4 5. Bc4 Bc5 6. Nxe5 Qe7 {C48: Four Knights: 4 Bb5, replies other than 4...Bb4} 7. Nf3 ({But not} 7. Bxf7+ Kf8 $17) 7... d5 ({Reject} 7... Nxe4 $6 8. Nd5 $16) 8. Bxd5 Bg4 {White is slightly better.} 9. d3 (9. Bxb7 $2 Rb8 $17) 9... O-O-O (9... Nd7 $11 {remains equal.}) 10. Be3 $16 Nxd5 11. Nxd5 Rxd5 12. exd5 Re8 13. c3 ({White should play} 13. O-O $14 Bxf3 14. gxf3) 13... Nxf3+ $11 {The position is equal.} 14. gxf3 {[#]} Qh4 $146 15. Kd2 ({Wrong is} 15. fxg4 $2 Rxe3+ 16. Kd2 Qxf2+ 17. Kc1 Re2 $19) 15... Rxe3 $1 {[%mdl 64] [#] Remove Defender} 16. fxe3 Qf2+ {[%mdl 64] Double Attack} 17. Kc1 Bxf3 {[%mdl 64] Double Attack} 18. Qe1 Bxe3+ 19. Kb1 Bxh1 20. Qxh1 {[#] Qe4 is the strong threat.} Qe2 $1 {[%cal Re2d3]} 21. a4 {And now Qe4! would win.} Qxd3+ 22. Ka2 Qc4+ 23. Kb1 Qd3+ 24. Ka2 Qc4+ 1/2-1/2

[Event "FRA-chT Top 12 2019"]
[Site "Brest"]
[Date "2019.05.23"]
[Round "6.2"]
[White "Tabatabaei, M.amin"]
[Black "Miezis, Normunds"]
[Result "1/2-1/2"]
[WhiteElo "2610"]
[BlackElo "2456"]
[Annotator "TA"]
[PlyCount "106"]
[EventDate "2019.05.18"]
[EventType "team-tourn"]
[EventCountry "FRA"]
[SourceTitle "playchess.com"]
[Source "ChessBase"]
[SourceQuality "1"]

{[%evp 11,106,27,47,47,43,41,47,41,53,66,87,73,89,72,63,12,6,0,0,-35,-39,-37,-30,-33,-35,-25,24,24,24,24,24,32,23,24,25,-3,-3,-54,-3,-3,0,-41,-41,-48,0,-25,-34,-35,-22,-41,-41,-34,-42,-27,-21,-26,-24,-18,-27,-31,0,0,0,0,0,0,0,0,0,0,0,0,0,0,0,0,0,0,0,0,0,0,0,0,0,0,0,0,0,0,0,0,0,0,0,0,0]} 1. e4 c5 2. Nf3 e6 3. d4 cxd4 4. Nxd4 a6 5. Bd3 Ne7 6. O-O Nbc6 7. Be3 {B42: Sicilian: Kan Variation: 5 Bd3} Nxd4 8. Bxd4 Nc6 9. Bc3 {White is slightly better.} b5 10. a3 e5 11. Bd2 Bb7 $146 ({Predecessor:} 11... Bc5 12. b4 Bd4 13. c3 Bb6 14. a4 bxa4 {1-0 (35) Vachier Lagrave,M (2789)-Artemiev,V (2691) Riadh 2017}) 12. Nc3 Bc5 13. Kh1 (13. a4 $14) 13... O-O $11 14. f4 exf4 15. Rxf4 Bd6 16. Rf5 Ne5 17. Bf4 Qe7 18. Be2 g6 19. Bg5 f6 20. Nd5 Bxd5 21. Qxd5+ Qf7 22. Rxf6 {[%mdl 64] [#] Double Attack} Qxd5 23. exd5 Nf7 {White must now prevent ...Be5.} 24. Bf4 (24. Bd2 $11) 24... Bc5 ({Better is} 24... Be7 $1 $15 25. Rb6 Bc5) 25. Bd2 $132 {[%mdl 2048] White puts up resistance} Bd4 26. Rf3 Bxb2 27. Rb1 Bd4 28. c4 (28. a4 $5) 28... Rfe8 29. Bf1 bxc4 30. Rf4 Be3 31. Bxe3 Rxe3 32. Bxc4 {[#] Threatens to win with d6.} Ne5 33. a4 Nxc4 34. Rxc4 {[%mdl 4096] Endgame KRR-KRR} Rd3 35. Rc5 Re8 36. h3 {The position is equal.} Re5 37. Ra5 Rdxd5 38. Rxa6 Rd2 39. a5 {[%cal Ba4a5,Ba5a6,Ba6a7][%mdl 32]} Ree2 40. Rg1 Kg7 41. Ra8 Ra2 42. a6 Red2 43. a7 Kh6 44. Re1 d5 45. Rc1 d4 46. Re1 d3 47. Rb1 Kh5 (47... Re2 $5 48. Rd1 $8 Rec2 $11) 48. Rb5+ Kh6 49. Rb1 Re2 {And now ...d2 would win.} 50. Rd1 d2 {Hoping for ...Re1+.} 51. Kh2 Re1 52. Rxd2 $1 Rxd2 53. Rc8 Ra1 {Accuracy: White = 72%, Black = 80%.} 1/2-1/2

[Event "FRA-chT Top 12 2019"]
[Site "Brest"]
[Date "2019.05.23"]
[Round "6.2"]
[White "Hamdouchi, Hicham"]
[Black "Bauer, Christian"]
[Result "1/2-1/2"]
[WhiteElo "2584"]
[BlackElo "2643"]
[Annotator "TA"]
[PlyCount "29"]
[EventDate "2019.05.18"]
[EventType "team-tourn"]
[EventCountry "FRA"]
[SourceTitle "playchess.com"]
[Source "ChessBase"]
[SourceQuality "1"]

{[%evp 20,29,25,15,35,25,33,23,27,10,47,-6]} 1. Nf3 d5 2. d4 Nf6 3. c4 dxc4 4. e3 e6 5. Bxc4 c5 6. O-O Nc6 7. Qe2 cxd4 8. Rd1 Be7 9. Nxd4 Nxd4 10. exd4 O-O 11. Nc3 Nd5 {D26: Queen's Gambit Accepted: 4 e3 e6 5 Bxc5 c5 sidelines} 12. Qf3 {[%cal Rc3d5]} Nxc3 13. bxc3 Qc7 14. Bb3 Bd6 {[#]} 15. h3 $146 (15. c4 $14) ({Predecessor:} 15. c4 Bxh2+ 16. Kh1 Bd6 17. c5 Be7 18. Bf4 Qc6 19. Qxc6 bxc6 {1-0 (36) Gelfand,B (2675)-Adianto,U (2610) Cap d'Agde 1998}) 1/2-1/2

[Event "FRA-chT Top 12 2019"]
[Site "Brest"]
[Date "2019.05.23"]
[Round "6.2"]
[White "Brochet, Philippe"]
[Black "Naiditsch, Arkadij"]
[Result "1/2-1/2"]
[WhiteElo "2400"]
[BlackElo "2682"]
[Annotator "ChessBase"]
[PlyCount "83"]
[EventDate "2019.05.18"]
[EventType "team-tourn"]
[EventCountry "FRA"]
[SourceTitle "playchess.com"]
[Source "ChessBase"]
[SourceQuality "1"]
[TimeControl "40/5400+30:1800+30"]

1. e4 {[%emt 0:00:52]} c5 {[%emt 0:01:19]} 2. Nc3 {[%emt 0:01:43]} a6 {[%emt 0:00:27]} 3. Nf3 {[%emt 0:07:29]} d6 {[%emt 0:00:29]} 4. d4 {[%emt 0:00:41]} cxd4 {[%emt 0:00:10]} 5. Nxd4 {[%emt 0:00:05]} Nf6 {[%emt 0:00:07]} 6. g3 {[%emt 0:02:24]} g6 {[%emt 0:03:55]} 7. Bg2 {[%emt 0:00:58]} Bg7 {[%emt 0:00:09]} 8. O-O {[%emt 0:00:15]} O-O {[%emt 0:00:06]} 9. a4 {[%emt 0:01:33]} Bd7 {[%emt 0:03:52]} 10. Nd5 {[%emt 0:08:56]} Nc6 {[%emt 0:02:08]} 11. Nxc6 {[%emt 0:00:27]} bxc6 {[%emt 0:00:29]} 12. Nxf6+ {[%emt 0:00:49]} Bxf6 {[%emt 0:00:07]} 13. Rb1 {[%emt 0:06:18]} Rb8 {[%emt 0:00:08]} 14. Qe2 {[%emt 0:19:17]} Qc8 {[%emt 0:01:08]} 15. b3 {[%emt 0:01:40]} c5 {[%emt 0:00:19]} 16. Bf4 {[%emt 0:01:45]} Bg4 {[%emt 0:11:59]} 17. Bf3 {[%emt 0:08:18]} Bxf3 {[%emt 0:05:46]} 18. Qxf3 {[%emt 0:00:02]} Qc6 {[%emt 0:00:52]} 19. Qe2 {[%emt 0:07:10]} Rb4 {[%emt 0:00:44]} 20. f3 {[%emt 0:05:48]} Bg7 {[%emt 0:00:52]} 21. Bd2 {[%emt 0:02:40]} Rb7 {[%emt 0:07:14]} 22. c4 {[%emt 0:01:01]} Rfb8 {[%emt 0:01:12]} 23. Qd3 {[%emt 0:00:17]} Qc8 {[%emt 0:00:37]} 24. Kg2 {[%emt 0:00:52]} Qe6 {[%emt 0:00:50]} 25. Rfd1 {[%emt 0:01:09]} f5 {[%emt 0:04:56]} 26. Be1 {[%emt 0:04:52]} fxe4 {[%emt 0:02:00]} 27. fxe4 {[%emt 0:00:04]} h5 {[%emt 0:00:32]} 28. h3 {[%emt 0:02:16]} Kh7 {[%emt 0:00:38]} 29. Qe3 {[%emt 0:01:27]} Rf8 {[%emt 0:14:11]} 30. Rd3 {[%emt 0:01:14]} Bd4 {[%emt 0:03:29]} 31. Qe2 {[%emt 0:00:03]} Rbb8 {[%emt 0:00:53]} 32. Rf3 {[%emt 0:01:22]} Rf6 {[%emt 0:07:20]} 33. Rd1 {[%emt 0:01:26]} Qe5 {[%emt 0:04:06]} 34. Bd2 {[%emt 0:02:20]} h4 {[%emt 0:03:41]} 35. g4 {[%emt 0:02:46]} d5 {[%emt 0:17:28]} 36. cxd5 {[%emt 0:01:59]} c4 {[%emt 0:00:02]} 37. bxc4 {[%emt 0:02:11]} Rb2 {[%emt 0:00:02]} 38. Kh1 {[%emt 0:01:42]} Bc5 {[%emt 0:03:21]} 39. g5 {[%emt 0:01:04]} Rxf3 {[%emt 0:01:18]} 40. Qxf3 {[%emt 0:00:38]} Rb3 {[%emt 0:00:28]} 41. Qf7+ {[%emt 0:04:47]} Qg7 {[%emt 0:03:53]} 42. Qxg7+ {[%emt 0:01:33]} 1/2-1/2

[Event "FRA-chT Top 12 2019"]
[Site "Brest"]
[Date "2019.05.23"]
[Round "6.3"]
[White "Rodshtein, Maxim"]
[Black "Colin, Vincent"]
[Result "1-0"]
[WhiteElo "2699"]
[BlackElo "2383"]
[Annotator "ChessBase"]
[PlyCount "49"]
[EventDate "2019.05.18"]
[EventType "team-tourn"]
[EventCountry "FRA"]
[SourceTitle "playchess.com"]
[Source "ChessBase"]
[SourceQuality "1"]
[TimeControl "40/5400+30:1800+30"]

1. d4 {[%emt 0:00:00]} Nf6 {[%emt 0:00:00]} 2. c4 {[%emt 0:00:00]} e6 {[%emt 0:00:00]} 3. Nf3 {[%emt 0:00:18]} d5 {[%emt 0:00:00]} 4. g3 {[%emt 0:00:40]} Be7 {[%emt 0:00:00]} 5. Bg2 {[%emt 0:00:50]} O-O {[%emt 0:00:08]} 6. Nc3 {[%emt 0:03:32]} b6 {[%emt 0:00:36]} 7. cxd5 {[%emt 0:01:28]} exd5 {[%emt 0:00:30]} 8. O-O {[%emt 0:00:13]} Bb7 {[%emt 0:00:22]} 9. Bf4 {[%emt 0:01:17]} Na6 {[%emt 0:08:04]} 10. Rc1 {[%emt 0:00:59]} c5 {[%emt 0:00:13]} 11. Ne5 {[%emt 0:04:37]} Rb8 {[%emt 0:04:06]} 12. e3 {[%emt 0:10:15]} h6 {[%emt 0:09:59]} 13. Ng4 {[%emt 0:06:47]} Ra8 {[%emt 0:06:48]} 14. dxc5 {[%emt 0:06:15]} Nxc5 {[%emt 0:01:13]} 15. Nxf6+ {[%emt 0:07:58]} Bxf6 {[%emt 0:03:34]} 16. Nxd5 {[%emt 0:00:06]} Bxb2 {[%emt 0:07:00]} 17. Rc2 {[%emt 0:05:01]} Ba3 {[%emt 0:08:32]} 18. Bc7 {[%emt 0:02:04]} Qe8 {[%emt 0:01:23]} 19. Bd6 {[%emt 0:02:00]} Rd8 {[%emt 0:11:35]} 20. Bxf8 {[%emt 0:01:00]} Kxf8 {[%emt 0:00:18]} 21. Rd2 {[%emt 0:00:49]} Ne4 {[%emt 0:05:02]} 22. Rd4 {[%emt 0:01:25]} Nd6 {[%emt 0:03:57]} 23. Qd3 {[%emt 0:06:59]} Bc5 {[%emt 0:01:07]} 24. Qh7 {[%emt 0:00:17]} f6 {[%emt 0:01:16]} 25. Rg4 {[%emt 0:01:28]} 1-0

[Event "FRA-chT Top 12 2019"]
[Site "Brest"]
[Date "2019.05.23"]
[Round "6.3"]
[White "Heimann, Andreas"]
[Black "Santos Ruiz, Miguel"]
[Result "1-0"]
[WhiteElo "2627"]
[BlackElo "2549"]
[Annotator "TA"]
[PlyCount "83"]
[EventDate "2019.05.18"]
[EventType "team-tourn"]
[EventCountry "FRA"]
[SourceTitle "playchess.com"]
[Source "ChessBase"]
[SourceQuality "1"]

{[%evp 22,83,0,0,17,0,7,0,6,0,9,10,8,6,9,0,0,0,0,0,0,0,0,0,0,0,0,0,0,0,0,0,0,0,13,0,0,1,58,57,58,58,76,78,83,75,83,0,83,83,75,41,94,94,94,99,95,104,98,100,618,601,563,551]} 1. e4 e5 2. Nf3 Nc6 3. Bb5 a6 4. Ba4 Nf6 5. O-O Nxe4 6. d4 b5 7. Bb3 d5 8. dxe5 Be6 9. Qe2 Nc5 10. Rd1 Nxb3 11. axb3 Be7 {[#]} 12. c4 $1 {[%mdl 512]} b4 {C81: Open Ruy Lopez: Keres Variation (9 Qe2)} (12... bxc4 13. bxc4) 13. Nbd2 {With the idea cxd5.} (13. cxd5 Bxd5 14. Qd3 Be4 15. Qe2 Bd5 16. Rxa6 Rxa6 17. Qxa6 O-O 18. Qb5 Bc4 19. Rxd8 Bxb5 20. Rxf8+ Kxf8 {½-½ (54) Jones,G (2666)-Anton Guijarro,D (2652) Linares 2018}) 13... O-O 14. Nf1 {Black should prevent cxd5.} Qd7 $1 {The position is equal.} 15. h3 $146 ({Predecessor:} 15. Bg5 Rfd8 16. h3 h6 17. cxd5 Bxd5 18. Ne3 Bxf3 19. Qxf3 {½-½ (19) Perez Ferris,M (2181)-Camacho Dominguez,F (2187) ICCF email 2012}) 15... Rfd8 16. cxd5 Bxd5 17. Ng5 Qe8 $1 18. Rxd5 {[%mdl 64] Remove Defender} Rxd5 {[#]} 19. Qe4 $1 {[%mdl 576] [#] Double Attack} Bxg5 $1 {[%mdl 512]} 20. Qxd5 (20. Bxg5 Qxe5) 20... Rd8 21. Qe4 Rd4 22. Qe2 Bxc1 23. Rxc1 Qxe5 24. Qxa6 Nd8 25. Qc8 g6 26. Qxc7 (26. Rxc7 {feels hotter.} Kg7 27. Ne3 Ne6 28. Rb7 Rd2 29. Qc1) 26... Qxc7 27. Rxc7 $11 {[%mdl 4096] Endgame KRN-KRN} Rd3 28. Rc8 Kg7 $1 29. Rb8 Nc6 ({Black should try} 29... Rd1 $11) 30. Rb6 $14 Nd4 31. Rxb4 Nxb3 32. Ne3 Nd2 33. Nc2 Nb3 34. Ne3 Nd2 $1 35. g3 f5 36. g4 Kf6 (36... fxg4 $14 37. hxg4 Kf7) 37. gxf5 $16 gxf5 38. Kg2 Ne4 39. Rb6+ Ke5 40. Kf3 Nd6 $2 {[%mdl 8192]} (40... Rb3 $16 41. Rxb3 Nd2+ 42. Ke2 Nxb3) 41. Ke2 $18 Rd4 {[#]} 42. Rxd6 $1 {[%mdl 576] Remove Defender. Accuracy: White = 70%, Black = 63%.} 1-0

[Event "FRA-chT Top 12 2019"]
[Site "Brest"]
[Date "2019.05.23"]
[Round "6.3"]
[White "Lagarde, Maxime"]
[Black "Colin, Vincent"]
[Result "*"]
[WhiteElo "2600"]
[BlackElo "2383"]
[Annotator "TA"]
[PlyCount "29"]
[EventDate "2019.05.18"]
[EventType "team-tourn"]
[EventCountry "FRA"]
[SourceTitle "playchess.com"]
[Source "ChessBase"]
[SourceQuality "1"]

{[%evp 20,29,19,11,55,35,81,88,131,123,124,130]} 1. d4 Nf6 2. c4 e6 3. Nf3 d5 4. g3 Be7 5. Bg2 O-O 6. Nc3 b6 7. cxd5 exd5 8. O-O Bb7 9. Bf4 Na6 10. Rc1 c5 11. Ne5 Rb8 {E18: Queen's Indian: Old Main Line (4 g3 Bb7 5 Bg2 Be7 6 0-0 0-0 7 Nc3)} 12. e3 $146 ({Predecessor:} 12. Nb5 Qe8 13. a4 Ra8 14. b3 Qd8 15. Be3 Re8 16. Nd3 Ng4 17. Bf4 Nf6 18. Be3 Ng4 19. Bf4 {½-½ (32) Yilmaz,M (2616)-Marin,M (2572) Baku 2016}) 12... h6 13. Ng4 Ra8 14. dxc5 Nxc5 15. Nxf6+ *